Les Films avec Tom Cruise - Statistiques

Statistiques générales
  • Ce quiz a été pris 61 fois
  • Le résultat moyen est 8 sur 15
Statistiques - réponses
Hint Réponse % Correct
Ethan Hunt Mission Impossible
92%
Un pilote de chasse avec un sacré tempérament Top Gun
90%
Un frère qui s'occupe de son frère autiste Rain Man
74%
Un barman qui travaille sur une plage en Jamaïque Cocktail
62%
Un père de famille qui fuit une attaque extraterrestre La guerre des mondes
62%
Un sergent poursuivi par une princesse égyptienne La Momie
62%
Lestat de Lioncourt, qui offre une vie de mortel à Brad Pitt Entretien avec un vampire
60%
Un docteur qui goûte aux plaisirs de la luxure avec sa femme Eyes wide shut
56%
Un chef d'unité qui reçoit des précogs une vision Minority Report
52%
Un commandant de l'armée coincé dans une boucle temporelle Edge of Tomorrow
50%
Un soldat qui combat au Japon Le dernier Samouraï
48%
Un soldat revenu paralysé de la guerre du Vietnam Né un 4 Juillet
44%
Un éditeur de New-York qui se retrouve défiguré Vanilla Sky
44%
Un haut gradé nazi qui prépare un attentat contre Hitler Walkyrie
28%
Un fils de riche qui organise des séminaires pour aider les hommes a séduire Magnolia
18%
Aucun quiz correspondant
Distribution des résultats
% des personnes avec chaque résultat
Percentile par nombre de réponses
Votre historique - résultats
Vous n’avez pas pris ce quiz